La restauración en el Museo de Bellas Artes de Asturias (Record no. 126694)

MARC details
000 -LEADER
campo de control de longitud fija 00528nam a2200157 4500
001 - NÚMERO DE CONTROL
campo de control 126694
003 - IDENTIFICADOR DE NÚMERO DE CONTROL
campo de control ES-MaACL
005 - FECHA Y HORA DE LA ÚLTIMA TRANSACCIÓN
campo de control 20230906192849.0
007 - CAMPO FIJO DE DESCRIPCIÓN FÍSICA--INFORMACIÓN GENERAL
campo de control de longitud fija t|
008 - DATOS DE LONGITUD FIJA--INFORMACIÓN GENERAL
campo de control de longitud fija 070214s1984 sp r ||||1| spa d
110 2# - ENTRADA PRINCIPAL--NOMBRE DE ENTIDAD CORPORATIVA
Nombre de entidad corporativa o nombre de jurisdicción como elemento de entrada Museo de Bellas Artes de Asturias.
9 (RLIN) 5843
245 13 - MENCIÓN DEL TÍTULO
Título La restauración en el Museo de Bellas Artes de Asturias
Resto del título : exposición : [Oviedo] diciembre 1983-enero 1984.
260 ## - PUBLICACIÓN, DISTRIBUCIÓN, ETC.
Lugar de publicación, distribución, etc. Oviedo :
Nombre del editor, distribuidor, etc. [s. n.],
Fecha de publicación, distribución, etc. 1984 (
Fabricante Imp. Mercantil)
300 ## - DESCRIPCIÓN FÍSICA
Extensión 13 h. :
Otras características físicas il. ;
Dimensiones 25 cm.
852 ## - LOCALIZACIÓN
Ubicación ES-MaACL
Número de control de estantería 2133-F-12
Sublocalización o colección R.106208
Holdings
Estatus retirado Estado de pérdida Estado de daño No para préstamo Colección Biblioteca de origen Biblioteca actual Ubicación en estantería Fecha de adquisición Fuente de adquisición Total de préstamos Signatura topográfica completa Código de barras Visto por última vez Precio de reemplazo Tipo de ítem Koha
        Colección de folletos Biblioteca del Ateneo de Madrid Biblioteca del Ateneo de Madrid Depósito folletos 17/01/2008     2133-F-12 1131964 23/02/2023 23/02/2023 Folleto